000 00872cam a22002653a 4500
001 3041
003 PGUSA
005 20140828083025.0
008 020101s2002||||xxu|||||s|||||000 | eng d
040 _aPGUSA
_beng
042 _adc
050 4 _aE660
100 1 _aFord, Henry Jones,
_d1851-1925
245 1 4 _aThe Cleveland Era :
_bA Chronicle of the New Order in Politics
_h[electronic resource] /
_cHenry Jones Ford
260 _bProject Gutenberg,
_c2002
500 _aChronicles of America series; v. 44
506 _aPublic domain in the USA.
516 _aElectronic text
653 _aUnited States -- Politics and government -- 1893-1897
653 _aCleveland, Grover, 1837-1908
653 _aUnited States -- Politics and government -- 1885-1889
830 0 _aProject Gutenberg
_v3041
856 4 0 _uhttp://www.gutenberg.org/ebooks/3041
942 _cEB
999 _c232370
_d232370